The Rain Forest (Record no. 1230800)

MARC details
000 -LEADER
fixed length control field 00440nam a2200193Ia 4500
008 - FIXED-LENGTH DATA ELEMENTS--GENERAL INFORMATION
fixed length control field 151121s9999||||xx |||||||||||||| ||und||
082 ## - DEWEY DECIMAL CLASSIFICATION NUMBER
Classification number 823/Man
082 ## - DEWEY DECIMAL CLASSIFICATION NUMBER
Item number HNW-42053
100 ## - MAIN ENTRY--PERSONAL NAME
Personal name Manning Olivia
245 #4 - TITLE STATEMENT
Title The Rain Forest
260 ## - PUBLICATION, DISTRIBUTION, ETC. (IMPRINT)
Name of publisher, distributor, etc Penguin Book
260 ## - PUBLICATION, DISTRIBUTION, ETC. (IMPRINT)
Date of publication, distribution, etc --
300 ## - PHYSICAL DESCRIPTION
Extent 269
600 ## - SUBJECT ADDED ENTRY--PERSONAL NAME
Personal name Manning Olivia
630 ## - SUBJECT ADDED ENTRY--UNIFORM TITLE
Uniform title The Rain Forest
700 ## - ADDED ENTRY--PERSONAL NAME
Personal name Manning Olivia
730 ## - ADDED ENTRY--UNIFORM TITLE
Uniform title The Rain Forest
942 ## - ADDED ENTRY ELEMENTS (KOHA)
Koha item type Book
Holdings
Withdrawn status Lost status Damaged status Not for loan Home library Current library Date acquired Cost, normal purchase price Total Checkouts Full call number Barcode Date last seen Cost, replacement price Price effective from Koha item type
        Hirachand Nemchand Wachanalaya, Solapur Hirachand Nemchand Wachanalaya, Solapur 11/21/2015 0.00   HNW-42053 HNW-42053 11/21/2015 0.00 11/21/2015 Book